LEADER 00918nam0-22003011i-450 001 990006554670403321 005 20240308103617.0 035 $a000655467 035 $aFED01000655467 035 $a(Aleph)000655467FED01 100 $a20001010d1992----km-y0itay50------ba 101 0 $aita 102 $aIT 105 $ay-------001yy 200 1 $a<>"essenza del cristianesimo"$eil problema ermeneutico nella discussione protestante e modernista$e1897-1904$fGuglielmo Forni 210 $aBologna$cIl Mulino$d1992. 215 $a154 p.$d21 cm 225 1 $a<>Mulino Ricerca 700 1$aForni Rosa,$bGuglielmo$f<1938- >$0167171 801 0$aIT$bUNINA$gRICA$2UNIMARC 901 $aBK 912 $a990006554670403321 952 $aDFT B15 FORG 01$b2023/3347$fFLFBC 952 $aIX A 732$b18885$fFSPBC 959 $aFLFBC 959 $aFSPBC 996 $a"essenza del cristianesimo"$9618713 997 $aUNINA